Austria's Borders Quiz Stats

Quiz Updated Jul 14, 2016

Also try: States of Austria
Challenge
Share
Tweet
Embed
Score 0/8 Timer 01:00
3 Plays Today
Country % Correct
Germany
98.6%
Switzerland
90%
Italy
89.1%
Czechia
82.7%
Hungary
80.8%
Slovakia
75.4%
Slovenia
70.9%
Liechtenstein
62.7%

You're not logged in!

Compare scores with friends on all Sporcle quizzes.
Join for Free
OR
Log In

You Might Also Like...

Show Comments

Extras

Top Quizzes Today


Score Distribution

Your Account Isn't Verified!

In order to create a playlist on Sporcle, you need to verify the email address you used during registration. Go to your Sporcle Settings to finish the process.

Report this User

Report this user for behavior that violates our Community Guidelines.

Details: